000 00561nam a2200217Ia 4500
001 16855
003 GE_BSU
008 181216s||||||||xx |||||||||||||| ||und||
040 _cGE_BSU
080 _a821.353.1-1
100 _aგომიაშვილი, ა.
245 _aდარიალი
245 _bლექსები
260 _aთბილისი
260 _bფედერაცია
260 _c1940
300 _a136გვ. ; 14სმ
653 _aდარიალი
653 _aლექსები
942 _cBK
999 _c49919
_d49919